Vista normal
Vista MARC
Entrada Personal Name
Número de registros utilizados en: 2
001 - CONTROL NUMBER
- control field: 10396
003 - CONTROL NUMBER IDENTIFIER
- control field: DLC
005 - DATE AND TIME OF LATEST TRANSACTION
- control field: 20230223115740.0
008 - FIXED-LENGTH DATA ELEMENTS
- fixed length control field: 860312n| acannaabn |a aaa
010 ## - LIBRARY OF CONGRESS CONTROL NUMBER
- LC control number: 85336583
035 ## - SYSTEM CONTROL NUMBER
- System control number: (OCoLC)oca01529900
040 ## - CATALOGING SOURCE
- Original cataloging agency: DLC
- Language of cataloging: spa
- Transcribing agency: Mx-PuUPA
- Modifying agency: DLC
- Modifying agency: OCoLC
- Modifying agency: Mx-PuUPA
- Description conventions: rda
046 ## - SPECIAL CODED DATES
- Birth date: 1898
- Death date: 1976
100 1# - HEADING--PERSONAL NAME
- Personal name: Cosío Villegas, Daniel,
- Dates associated with a name: 1898-1976,
374 ## - OCCUPATION
- Occupation: Autor
375 ## - GENDER
- Gender: hombre
377 ## - ASSOCIATED LANGUAGE
- Language code: spa
400 1# - SEE FROM TRACING--PERSONAL NAME
- Personal name: Cosío Villegas, Daniel,
- Dates associated with a name: 1898-1976
- Title of a work: Daniel Cosío Villegas
670 ## - SOURCE DATA FOUND
- Source citation: His Daniel Cosío Villegas, c1985.
670 ## - SOURCE DATA FOUND
- Source citation: La sucesión presidencial, 1975:
- Information found: portada (Daniel Cosío Villegas)